Las locuras del emperador / (Registro nro. 30257)
[ vista simple ]
| 000 -LEADER | |
|---|---|
| fixed length control field | 00331nam a22001337a 4500 |
| 003 - CONTROL NUMBER IDENTIFIER | |
| control field | OSt |
| 005 - DATE AND TIME OF LATEST TRANSACTION | |
| control field | 20250808114810.0 |
| 008 - FIXED-LENGTH DATA ELEMENTS--GENERAL INFORMATION | |
| fixed length control field | 230919b |||||||| |||| 00| 0 eng d |
| 040 ## - CATALOGING SOURCE | |
| Transcribing agency | CO-JMCR |
| 082 04 - DEWEY DECIMAL CLASSIFICATION NUMBER | |
| Classification number | H |
| Item number | LOCm |
| 100 10 - MAIN ENTRY--PERSONAL NAME | |
| Personal name | MultiRevistas, |
| Relator term | autor |
| 9 (RLIN) | 42919 |
| 245 ## - TITLE STATEMENT | |
| Title | Las locuras del emperador / |
| Statement of responsibility, etc. | MultiRevistas |
| 942 ## - ADDED ENTRY ELEMENTS (KOHA) | |
| Source of classification or shelving scheme | Dewey Decimal Classification |
| Koha item type | Books |
| Withdrawn status | Lost status | Source of classification or shelving scheme | Damaged status | Not for loan | Collection code | Home library | Current library | Date acquired | Total Checkouts | Total Renewals | Full call number | Barcode | Date last seen | Date last checked out | Copy number | Price effective from | Koha item type |
|---|---|---|---|---|---|---|---|---|---|---|---|---|---|---|---|---|---|
| Dewey Decimal Classification | Fiction | Biblioteca Pública José María del Castillo y Rada | Biblioteca Pública José María del Castillo y Rada | 09/19/2023 | 17 | 2 | H LOCm | 201812047 | 10/14/2025 | 10/14/2025 | Ej.1 | 09/19/2023 | Books |